| 000 | 00569ntaaa2200205 4500 | ||
|---|---|---|---|
| 003 | 01 | ||
| 005 | 20251027203303.0 | ||
| 008 | 0714s1973 ag 01 | ||
| 040 |
_aAR-BaBN _bspa _cAR-BaBN _eaacr _dRIC |
||
| 082 | _a184 D15 | ||
| 100 |
_aDal Maschio, Eduardo Acin _935841 |
||
| 245 |
_aPlaton : _bLa verdad esta en otra parte / _cEduardo Acin Dal Maschio |
||
| 250 | _a1 ed. | ||
| 260 |
_aBuenos Aires : _bBonalletra Alcompas, _c2015 |
||
| 300 |
_a140 p. ; _c23x17 cm. |
||
| 650 | _aFILOSOFIA | ||
| 650 |
_aPLATON _95077 |
||
| 650 |
_aARISTOTELES _95078 |
||
| 942 | _cBK | ||
| 999 |
_c28341 _d28341 |
||